000 00348nam a2200145Ia 4500
008 220803s9999 xx 000 0 und d
020 _a3822841765
041 _aeng
082 _a712.36 SIM
100 _aSimon Schlefier
_918260
245 _aSmall Houses.
260 _bTaschen
_c2005
300 _a191p
650 _aLandscape Architecture
_918261
999 _c12698
_d12698